| 000 | 01053nam a22002297a 4500 | ||
|---|---|---|---|
| 003 | St Aloysius Coll | ||
| 005 | 20260122143723.0 | ||
| 008 | 260119b |||||||| |||| 00| 0 eng d | ||
| 020 | _a9781529447774 | ||
| 040 | _cAL | ||
| 041 | _aEnglish | ||
| 082 |
_a793.7 _bMOOP |
||
| 100 |
_aGareth Moore _9251754 |
||
| 245 | _aPurrdle | ||
| 260 |
_aGreat Britain _bGreenfinch _c2025 |
||
| 300 |
_a207p. _bPB _c19.5x12.7cm |
||
| 365 |
_2General _a5468 _b₹399.00 _c₹ _d₹499.00 _e20% _f10/01/2026 |
||
| 520 | _aFollowing the international success of Meowdle comes Purrdle. 75 feline crime puzzles with more grit and even sharper claws. This book is packed with a variety of engaging brainteasers, each inspired by the playful antics and cleverness of our beloved feline friends. Perfect for fans of Meowdle, cat lovers and puzzle enthusiasts alike, this book promises hours of fun and intrigue in the company of some of the craftiest cats around. | ||
| 650 |
_2Indoor Games _aArts _9251755 |
||
| 700 |
_aAyres, Laura Jayne _9251756 |
||
| 942 |
_2ddc _cBK |
||
| 999 |
_c240791 _d240791 |
||